000
00282nam a22001337a 4500
008
170215b xxu||||| |||| 00| 0 eng d
020
_a
0195088247
041
_a
eng
080
_a
61
100
_a
4
101
_a
shm
245
_a
VITAMIN A DEFICIENCY
_c
SOMMER, A
942
_2
udc
_c
BK
999
_c
5582
_d
5582